000 00511nam a2200181Ia 4500
003 OSt
005 20260325133237.0
008 190216s9999||||xx |||||||||||||| ||und||
020 _a9788126409839
040 _coclc
082 _a843.914
_bLEY/N
100 _aLeys, Simon
_96993
245 0 _aNapoleonte Maranam = The Death Of Napoleon /
_cSimon Leys
260 _bDc Books,
_aKottayam:
_c2005.
300 _a90p
650 _aNovel
942 _cBK
_2ddc
_h843.914
_iLEY/N
_k843.914
_mLEY/N
999 _c28601
_d28601